| 000 | 00724nam a2200205 i 4500 | ||
|---|---|---|---|
| 001 | 135436 | ||
| 003 | ES-MaACL | ||
| 005 | 20250916201055.0 | ||
| 007 | t| | ||
| 008 | 070718s1969 sp ||||1| spa d | ||
| 080 | _a903 | ||
| 245 | 0 | 0 |
_aEn torno a Teilhard / _cGrupo Español de Trabajo Teilhard de Chardín ; presentación Condesa de Campo Alange. |
| 260 |
_a[Madrid : _bTaurus, etc., _c1969] |
||
| 300 |
_a130 p. ; _c18 cm. |
||
| 600 | 1 | 4 |
_aTeilhard de Chardin, Pierre, _d1881-1955 _9109521 |
| 700 | 1 |
_aCampo Alange, María Laffitte, _cCondesa de, _d1902-1986 _934205 |
|
| 710 | 2 |
_aGrupo Español de Trabajo Teilhard de Chardín. _94524 |
|
| 852 |
_aES-MaACL _jC-36520 _bR.70979 |
||
| 999 |
_c135436 _d135436 |
||